Statistics for World Capitals With Multiple A's

Click here to take the quiz!

General Stats

  • This quiz has been taken 71 times
  • The average score is 37 of 65

Answer Stats

Number of A'sCapital City% Correct
2Brasilia
86%
4Addis Ababa
82%
3Panama City
82%
3Jakarta
80%
3Islamabad
77%
3Ankara
73%
4Antananarivo
73%
2Canberra
73%
3Havana
73%
2Ottawa
73%
2Warsaw
73%
2Amsterdam
70%
3Caracas
70%
2Dakar
70%
2Dhaka
70%
3Managua
68%
4Andorra la Vella
66%
2Baghdad
66%
2Kinshasa
66%
2Accra
64%
2Amman
64%
3Asmara
64%
3Guatemala City
64%
3Manama
64%
2Bamako
61%
2Rabat
61%
3Sana'a
61%
2Abu Dhabi
59%
3San Salvador
59%
4Sri Jayawardenepura Kotte
59%
2Santiago
57%
2Sarajevo
57%
5Ulaanbaatar
57%
2Abuja
55%
2Brazzaville
55%
2Damascus
55%
2Harare
55%
3Kampala
55%
2Valletta
55%
3Bratislava
52%
2Kathmandu
52%
2La Paz
52%
3Paramaribo
52%
2San Marino
52%
4Bandar Seri Begawan
50%
2Luanda
50%
2Manila
48%
3Ashgabat
45%
2Kuala Lumpur
45%
2Tirana
45%
2Vatican City
45%
2Ljubljana
43%
2Naypyidaw
43%
2Lusaka
41%
2Nassau
41%
2Malabo
39%
2N'Djamena
39%
2Apia
36%
2Ouagadougou
36%
2Tegucigalpa
36%
2Praia
34%
2Mbabane
32%
2Honiara
27%
3South Tarawa
27%
2Nuku'alofa
23%

Score Distribution

Percentile by Number Answered

Percent of People with Each Score

Your Score History

You have not taken this quiz